00811 a2200157 4500020001500000020001800015082001800033245031900051260006300370300003300433650002300466650003900489650004500528650004100573830003900614 a0784410496 a9780784410493 a624.151363 GE aSlope stability, retaining walls, and foundations :bselected papers from the 2009 GeoHunan International Conference, August 3-6, 2009, Changsha, Hunan, China /chosted by Changsha University of Science and Technology, China ; co-sponsored by ASCE Geo-Institute, USA ... [et al.] ; edited by Louis Ge ... [et al.]. aReston, Va. :bAmerican Society of Civil Engineers,c2009. axi, 252 p. :bill. ;c22 cm. aSoil stabilization aSlopes (Soil mechanics)xStability aRetaining wallsxDesign and construction aFoundationsxDesign and construction 0aGeotechnical special publication ;